000 00395nam a2200157Ia 4500
008 240729s9999 xx 000 0 und d
022 _a1751-8857
245 0 _aIET Systems Biology
260 _aUnited Kingdom
260 _bWiley
650 _a Biology (General)
650 _aScience
856 _uhttps://doaj.org/toc/fdf867d410f1491998987dc8c193c6b2
942 _2ddc
942 _cDOAJEJ
999 _c67281
_d67281
945 _a1
_bMadushi Gamage
_c1
_dMadushi Gamage